Deadliest Conflicts of 2025 - Statistics

General Stats
  • This quiz has been taken 54 times
  • The average score is 14 of 19
Answer Stats
Fatalities Conflict % Correct
80,205 Russo-Ukrainian War
98%
28,111 Arab-Israeli Conflict
94%
80,000 Sudanese Civil War
89%
10,000 Congolese Conflicts
87%
21,185 Insurgency in the Maghreb
85%
4,409 Afghan Conflict
83%
8,600 Syrian Conflict
81%
2,602 Venezuelan Conflict
79%
10,767 Mexican Drug War
77%
15,681 Myanmar Civil War
77%
2,895 Yemeni Civil War
77%
2,728 Colombian Conflict
72%
10,783 Somali Civil War
72%
6,315 Ethiopian Civil Conflict
70%
1,172 Central African Republic Civil War
64%
3,200 Civil Conflicts in Nigeria
64%
3,141 Haitian Conflict
51%
1,826 Cameroonian Conflicts
40%
4,051 Insurgency in Ecuador
26%
No matching quizzes found
Score Distribution
Percent of People with Each Score
Percentile by Number Answered
Your Score History
You have not taken this quiz